000 00917nam a2200289 ia4500
003 OSt
005 20240305150433.0
008 240228s2023 my o||j |||| 00| 0 may d
020 _a9789672322573
_cRM39.90
_qpaperback
040 _aPPAK
_beng
_cPPAK
_erda
082 0 4 _223
_a338
090 0 0 _a338
_bZAN
_dK
100 0 _aZanariah Mohd Rajab,
_d1974 -
_eauthor.
245 1 0 _aMEMAHAMI SEKURITI MAKANAN /
_cZanariah Mohd Rajab
264 1 _aKapar, Selangor :
_bHEBAT PUBLISHING,
_c2023
300 _a40 pages :
_bcolour photographs ;
_c26 cm.
336 _atext
_2rdacontent
337 _aunmediated
_2rdamedia
338 _avolume
_2rdacarrier
490 1 _aSekuriti Makanan Mengancam Dunia
500 _aIncludes exercises : pages 40
650 1 0 _aFood security
650 2 0 _aFood industry
650 2 0 _aFoods
830 0 _aSekuriti makanan mengancam dunia
942 _2ddc
_cB
999 _c195198
_d195198